| 000 | 01025nas a2200325 4500 | ||
|---|---|---|---|
| 001 | BR9703924 | ||
| 003 | BR-BrBNA | ||
| 005 | 20231205100404.0 | ||
| 007 | ta | ||
| 008 | 230509b bl.|||p| |||| 00| 00por d | ||
| 040 |
_aBR-BrBNA _bpor _cBiblioteca Nacional de Agricultura |
||
| 041 | _a(Pt) | ||
| 072 | _aL10 | ||
| 100 | 1 | _aOliveira, M.A.L. | |
| 100 | 1 | _aOliveira, P.B. de | |
| 100 | 1 | _aLima, P.F. de | |
| 100 | 1 | _aGuerra, M.M.P. | |
| 100 | 1 | _aBarreto, M.B.P. | |
| 100 | 1 | _aFirmino Neto, J.E. | |
| 245 | 1 | _aTerapia intrauterina com antibiotico imediatamente apos a inseminacao artificial de vacas leiteiras com hipocolesterolemia | |
| 650 | _aVaca Leiteira | ||
| 650 | _aDisturbio Metabolico | ||
| 650 | _aAntibiotico | ||
| 650 | _aColesterol | ||
| 650 | _aFertilidade Animal | ||
| 650 | _aInseminacao Artificial | ||
| 773 | 0 |
_tPesquisa Agropecuaria Brasileira (Brazil) _xISSN 0100-204X _g(May 1997), v. 32(5) p. 549-553 _wBR9703924 |
|
| 909 |
_a202311 _bLúcia _c55 _dLúcia Elande |
||
| 942 |
_2AGRIS _n0 _cANA |
||
| 999 |
_c155730 _d155730 |
||